Представление документа в формате MARC21

Поле Инд. ПП Название Значение
Тип записи a
Библиографический уровень b
001 Контрольный номер RU/IS/BASE/441298844
005 Дата корректировки 20250403102831.9
008 Кодируемые данные 20131225
040 b Код языка каталог. rus
e Правила каталог. PSBO
041 0_ a Код языка текста rus
084 a Индекс другой классификации/Индекс ББК 65.291.2-24
100 1_ a Автор Степанова Я.
245 10 a Заглавие Значение анализа системы управления рисками при прогнозировании экономической устойчивости организации
504 a Библиография Лит. в конце статьи
520 a Аннотация В статье обоснована необходимость рассмотрения динамического аспекта, ориентированного на будущие периоды, при оценке экономической устойчивости организации. Рассмотрена роль процесса анализа рисков для сохранения экономической устойчивости организации. Приведены примеры критериев, используемых при прогнозировании экономической устойчивости организации.
650 14 a Основная рубрика менеджмент (управление предприятием)
a Основная рубрика экономика
a Основная рубрика экономика предприятия
a Основная рубрика экономический анализ
653 1_ a Ключевые слова анализ рисков
a Ключевые слова конкурентоспособность предприятия
a Ключевые слова микроэкономика
a Ключевые слова прогнозирование рисков
a Ключевые слова Россия
a Ключевые слова управление рисками (риск-менеджмент)
a Ключевые слова устойчивое развитие
a Ключевые слова устойчивость предприятия
a Ключевые слова финансовая устойчивость
a Ключевые слова экономическая устойчивость
a Ключевые слова экономическое прогнозирование
773 08 t Заглавие источника РИСК: ресурсы, информация, снабжение, конкуренция
d Дата издания источника 2012
g Прочая информация № 3. - С. 274 - 277
w Контрольный № источника RU/IS/BASE/407439363
901 t Тип документа b